Ključ k spaseniju - v razdelenii finansov gosudarstva i predprijatij.

Pokračovanie state publikovanej v č. 10/1992. Rozbor príčin skutočnosti, že odstránenie štátnej kontroly nad cenami neviedlo ku vzniku trhového dopytu a trhovej ponuky. Ceny si zachovali svoju prvotnú, fiškálnu funkciu inflačného daňového zaťaženia obyvateľstva. Charakteristika procesu odstránenia c...

ver descrição completa

Na minha lista:
Detalhes bibliográficos
Autor principal: Bernštam, M.
Formato: Capítulo de Livro
Idioma:russo
Assuntos:
Tags: Adicionar Tag
Sem tags, seja o primeiro a adicionar uma tag!

MARC

LEADER 00000naa a2200000 4500
001 r011615
005 20221130113212.6
041 0 |a rus 
044 |a [SU] 
245 1 0 |a Ključ k spaseniju - v razdelenii finansov gosudarstva i predprijatij.  |c M. Bernštam 
520 |a Pokračovanie state publikovanej v č. 10/1992. Rozbor príčin skutočnosti, že odstránenie štátnej kontroly nad cenami neviedlo ku vzniku trhového dopytu a trhovej ponuky. Ceny si zachovali svoju prvotnú, fiškálnu funkciu inflačného daňového zaťaženia obyvateľstva. Charakteristika procesu odstránenia cenovej kontroly, urýchlenia inflácie, prudkého zvyšovania cien a hlbokého poklesu životnej úrovne. 
610 2 0 |a ceny 
610 2 0 |a liberalizácia 
610 2 0 |a trh 
610 2 0 |a inflácia 
610 2 0 |a zvyšovanie cien 
610 2 0 |a úroveň životná 
610 2 0 |a Rusko 
100 1 |a Bernštam, M.